|
|
|
|
| LEADER |
00000nab a2200000 r4500 |
| 001 |
vtls012159250 |
| 003 |
SK-MaSNL |
| 005 |
20260304010919.0 |
| 008 |
230125c2022 xo |r|p|||n |000 b|slo |
| 015 |
|
|
|a SNBRB2023/01
|
| 038 |
|
|
|a SPK
|
| 040 |
|
|
|a SPKCL
|b slo
|c rda
|e AACR2
|
| 041 |
0 |
|
|a eng
|
| 044 |
|
|
|a xo
|c SK
|
| 072 |
|
7 |
|a 392
|x Zvyky, mravy, obyčaje v súkromnom živote
|2 konspekt
|
| 080 |
|
|
|a 392
|2 2011
|
| 100 |
1 |
|
|a Bahna, Vladimír
|4 aut
|9 446181
|
| 245 |
1 |
4 |
|a The ritual animal: imitation and cohesion in the evolution of social complexity
|c Vladimír Bahna
|
| 336 |
|
|
|a text
|b txt
|2 rdacontent
|
| 337 |
|
|
|a počítač
|b c
|2 rdamedia
|
| 338 |
|
|
|a online zdroj
|b cr
|2 rdacarrier
|
| 504 |
|
|
|a Obsahuje bibliografiu a bibliografické odkazy
|
| 650 |
0 |
7 |
|a rituály a obrady
|2 SNKPH
|9 69610
|
| 650 |
0 |
7 |
|a zvieratá
|2 SNKPH
|9 1091
|
| 655 |
|
7 |
|a recenzie
|2 snkbucl
|9 21907
|
| 773 |
0 |
|
|t Slovenský národopis
|g Roč. 70, č. 2 (2022), s. 305-309
|x 1335-1303
|
| 787 |
0 |
8 |
|i Recenzia:
|a Whitehouse, Harvey
|t The ritual animal: imitation and cohesion in the evolution of social complexity
|d Oxford: Oxford University Press, 2021
|
| 852 |
|
|
|a SPK
|b KIS3GCP
|
| 856 |
4 |
1 |
|a https://uesa.sav.sk
|
| 958 |
|
|
|a RC
|
| 999 |
|
|
|c 2563549
|d 2565479
|